000 00332nam a22001457a 4500
008 221006b ||||| |||| 00| 0 eng d
020 _a9780323316590
041 _aeng
080 _2tenth edition
_a610.73
082 _a610.73 SEL
100 _a6
101 _aINF
245 _aDRUG CALCULATIONS
_cSELTZER M.B
942 _2udc
_cBK
999 _c58369
_d58369